[Event "DEM U10w 2024"]
[Site "Willingen GER"]
[Date "2024.05.24"]
[Round "10"]
[White "Vasilieva, Victoria"]
[Black "Rabus, Luise"]
[Result "1/2-1/2"]
[Termination "normal"]
[Board "13"]
[WhiteElo "1048"]
[BlackElo "1090"]
[WhiteClock "00:36:58"]
[BlackClock "00:27:07"]
[PlyCount "165"]
[WhiteFideId "533007071"]
[BlackFideId "34636900"]
[EventCountry "GER"]
[EventRounds "11"]
[EventType "swiss"]
[EventDate "2024.05.18"]

1. d4 {[%clk 01:15:57]} {[%emt 00:00:02]} Nf6 {[%clk 01:15:56]} {[%emt
00:00:04]} 2. c4 {[%clk 01:16:04]} {[%emt 00:00:23]} e6 {[%clk 01:16:21]}
{[%emt 00:00:06]} 3. Bf4 {[%clk 01:16:14]} {[%emt 00:00:19]} Bb4+ {[%clk
01:16:37]} {[%emt 00:00:14]} 4. Nd2 {[%clk 01:15:08]} {[%emt 00:01:36]} Be7
{[%clk 01:16:56]} {[%emt 00:00:12]} 5. Ngf3 {[%clk 01:15:06]} {[%emt 00:00:31]}
d5 {[%clk 01:16:25]} {[%emt 00:01:01]} 6. cxd5 {[%clk 01:15:12]} {[%emt
00:00:23]} exd5 {[%clk 01:16:41]} {[%emt 00:00:15]} 7. e3 {[%clk 01:14:34]}
{[%emt 00:01:08]} c5 {[%clk 01:16:17]} {[%emt 00:00:54]} 8. Bb5+ {[%clk
01:12:58]} {[%emt 00:02:06]} Nc6 {[%clk 01:16:13]} {[%emt 00:00:35]} 9. O-O
{[%clk 01:12:41]} {[%emt 00:00:45]} O-O {[%clk 01:16:08]} {[%emt 00:00:36]} 10.
Rc1 {[%clk 01:11:21]} {[%emt 00:01:49]} b6 {[%clk 01:16:29]} {[%emt 00:00:11]}
11. Bxc6 {[%clk 01:11:10]} {[%emt 00:00:40]} Bg4 {[%clk 01:16:04]} {[%emt
00:00:55]} 12. Bxa8 {[%clk 01:10:43]} {[%emt 00:00:58]} Qxa8 {[%clk 01:16:04]}
{[%emt 00:00:28]} 13. h3 {[%clk 01:10:12]} {[%emt 00:01:02]} Bh5 {[%clk
01:16:23]} {[%emt 00:00:11]} 14. a3 {[%clk 01:08:17]} {[%emt 00:02:25]} Ne4
{[%clk 01:15:30]} {[%emt 00:01:24]} 15. Qe1 {[%clk 01:01:26]} {[%emt 00:07:21]}
Nd6 {[%clk 01:14:08]} {[%emt 00:01:53]} 16. b4 {[%clk 00:59:08]} {[%emt
00:02:49]} c4 {[%clk 01:12:17]} {[%emt 00:02:20]} 17. Bxd6 {[%clk 00:56:27]}
{[%emt 00:03:10]} Bxd6 {[%clk 01:12:04]} {[%emt 00:00:44]} 18. e4 {[%clk
00:50:49]} {[%emt 00:06:07]} Re8 {[%clk 01:11:41]} {[%emt 00:00:52]} 19. e5
{[%clk 00:46:11]} {[%emt 00:05:09]} Be7 {[%clk 01:11:08]} {[%emt 00:01:03]} 20.
Rc2 {[%clk 00:45:24]} {[%emt 00:01:17]} Rc8 {[%clk 01:11:16]} {[%emt 00:00:22]}
21. Qe3 {[%clk 00:39:31]} {[%emt 00:06:23]} Qc6 {[%clk 01:09:17]} {[%emt
00:02:30]} 22. Ng5 {[%clk 00:38:40]} {[%emt 00:01:20]} c3 {[%clk 01:08:26]}
{[%emt 00:01:21]} 23. Re1 {[%clk 00:34:53]} {[%emt 00:04:17]} Bxg5 {[%clk
01:06:49]} {[%emt 00:02:08]} 24. Qxg5 {[%clk 00:34:59]} {[%emt 00:00:22]} cxd2
{[%clk 01:03:51]} {[%emt 00:03:29]} 25. Rxc6 {[%clk 00:34:40]} {[%emt
00:00:49]} dxe1=Q+ {[%emt 00:00:25]} 26. Kh2 {[%emt 00:00:29]} Re8 {[%clk
01:02:06]} {[%emt 00:01:21]} 27. Qxh5 {[%clk 00:33:43]} {[%emt 00:01:26]} Qxf2
{[%clk 01:02:19]} {[%emt 00:00:18]} 28. Qg4 {[%clk 00:32:55]} {[%emt 00:01:17]}
Qe3 {[%clk 00:57:54]} {[%emt 00:04:56]} 29. Rc8 {[%clk 00:32:12]} {[%emt
00:01:12]} Kf8 {[%clk 00:57:45]} {[%emt 00:00:39]} 30. Qd7 {[%clk 00:31:56]}
{[%emt 00:00:45]} Qf4+ {[%clk 00:57:21]} {[%emt 00:00:57]} 31. Kg1 {[%clk
00:31:32]} {[%emt 00:00:53]} Qxd4+ {[%clk 00:57:35]} {[%emt 00:00:16]} 32. Kh1
{[%clk 00:31:15]} {[%emt 00:00:46]} Qa1+ {[%clk 00:57:04]} {[%emt 00:01:02]}
33. Kh2 {[%clk 00:31:26]} {[%emt 00:00:19]} Qxe5+ {[%clk 00:57:24]} {[%emt
00:00:10]} 34. Kg1 {[%clk 00:31:13]} {[%emt 00:00:42]} d4 {[%clk 00:54:43]}
{[%emt 00:03:13]} 35. Rc7 {[%clk 00:30:08]} {[%emt 00:01:33]} Re7 {[%clk
00:52:09]} {[%emt 00:03:05]} 36. Rc8+ {[%clk 00:29:34]} {[%emt 00:01:04]} Re8
{[%clk 00:51:04]} {[%emt 00:01:35]} 37. Rc7 {[%clk 00:29:25]} {[%emt 00:00:39]}
Qe7 {[%clk 00:45:03]} {[%emt 00:06:32]} 38. Qc6 {[%clk 00:29:32]} {[%emt
00:00:21]} Qe3+ {[%clk 00:45:09]} {[%emt 00:00:25]} 39. Kh2 {[%clk 00:29:36]}
{[%emt 00:00:24]} d3 {[%clk 00:43:08]} {[%emt 00:02:33]} 40. Qd6+ {[%clk
00:29:53]} {[%emt 00:00:11]} Kg8 {[%clk 00:40:10]} {[%emt 00:03:30]} 41. Qd5
{[%clk 00:28:32]} {[%emt 00:01:51]} Qf4+ {[%clk 00:38:00]} {[%emt 00:02:41]}
42. g3 {[%clk 00:28:18]} {[%emt 00:00:43]} Qf2+ {[%clk 00:36:58]} {[%emt
00:01:32]} 43. Qg2 {[%clk 00:28:26]} {[%emt 00:00:23]} Qxg2+ {[%clk 00:37:06]}
{[%emt 00:00:21]} 44. Kxg2 {[%clk 00:28:47]} {[%emt 00:00:09]} Rd8 {[%clk
00:37:23]} {[%emt 00:00:13]} 45. Rc1 {[%clk 00:28:43]} {[%emt 00:00:34]} f6
{[%clk 00:37:10]} {[%emt 00:00:43]} 46. Kf2 {[%clk 00:28:55]} {[%emt 00:00:17]}
Kf7 {[%clk 00:37:19]} {[%emt 00:00:22]} 47. Rd1 {[%clk 00:29:09]} {[%emt
00:00:16]} Ke6 {[%clk 00:37:38]} {[%emt 00:00:10]} 48. Ke3 {[%clk 00:29:32]}
{[%emt 00:00:08]} g5 {[%clk 00:35:08]} {[%emt 00:03:01]} 49. h4 {[%clk
00:29:51]} {[%emt 00:00:10]} Kf5 {[%clk 00:32:15]} {[%emt 00:03:23]} 50. hxg5
{[%clk 00:30:09]} {[%emt 00:00:12]} fxg5 {[%clk 00:32:18]} {[%emt 00:00:28]}
51. Rxd3 {[%clk 00:30:17]} {[%emt 00:00:21]} Rxd3+ {[%clk 00:32:40]} {[%emt
00:00:08]} 52. Kxd3 {[%clk 00:30:40]} {[%emt 00:00:07]} Kg4 {[%clk 00:33:01]}
{[%emt 00:00:10]} 53. Kc4 {[%clk 00:30:59]} {[%emt 00:00:11]} Kxg3 {[%clk
00:31:56]} {[%emt 00:01:34]} 54. Kb5 {[%clk 00:31:20]} {[%emt 00:00:08]} h5
{[%clk 00:31:51]} {[%emt 00:00:36]} 55. Ka6 {[%clk 00:31:43]} {[%emt 00:00:08]}
h4 {[%clk 00:32:15]} {[%emt 00:00:06]} 56. Kxa7 {[%clk 00:32:09]} {[%emt
00:00:04]} h3 {[%clk 00:32:39]} {[%emt 00:00:06]} 57. Kxb6 {[%clk 00:32:34]}
{[%emt 00:00:04]} h2 {[%clk 00:33:01]} {[%emt 00:00:08]} 58. a4 {[%clk
00:32:56]} {[%emt 00:00:09]} h1=Q {[%clk 00:33:07]} {[%emt 00:00:24]} 59. a5
{[%clk 00:33:08]} {[%emt 00:00:18]} Qb1 {[%clk 00:32:11]} {[%emt 00:01:26]} 60.
b5 {[%clk 00:33:27]} {[%emt 00:00:11]} Qg1+ {[%clk 00:32:14]} {[%emt 00:00:27]}
61. Kc6 {[%clk 00:33:41]} {[%emt 00:00:16]} Qa7 {[%clk 00:32:07]} {[%emt
00:00:37]} 62. a6 {[%clk 00:33:58]} {[%emt 00:00:12]} Qa8+ {[%clk 00:31:28]}
{[%emt 00:01:10]} 63. Kc7 {[%clk 00:34:10]} {[%emt 00:00:17]} Qa7+ {[%clk
00:31:48]} {[%emt 00:00:11]} 64. Kc6 {[%clk 00:34:26]} {[%emt 00:00:13]} Qb8
{[%clk 00:31:21]} {[%emt 00:00:58]} 65. b6 {[%clk 00:34:33]} {[%emt 00:00:23]}
Qc8+ {[%clk 00:31:45]} {[%emt 00:00:06]} 66. Kb5 {[%clk 00:34:50]} {[%emt
00:00:13]} Qf5+ {[%clk 00:29:46]} {[%emt 00:02:28]} 67. Kc6 {[%clk 00:35:10]}
{[%emt 00:00:10]} Qe6+ {[%clk 00:29:38]} {[%emt 00:00:38]} 68. Kb7 {[%clk
00:35:32]} {[%emt 00:00:08]} Qd7+ {[%clk 00:29:27]} {[%emt 00:00:42]} 69. Ka8
{[%clk 00:35:35]} {[%emt 00:00:25]} Qc8+ {[%clk 00:29:05]} {[%emt 00:00:53]}
70. Ka7 {[%clk 00:35:43]} {[%emt 00:00:22]} Qc5 {[%clk 00:26:24]} {[%emt
00:03:12]} 71. Kb7 {[%clk 00:36:04]} {[%emt 00:00:08]} Qe7+ {[%clk 00:26:05]}
{[%emt 00:00:49]} 72. Ka8 {[%clk 00:36:10]} {[%emt 00:00:24]} Qf8+ {[%clk
00:25:38]} {[%emt 00:00:57]} 73. Kb7 {[%clk 00:34:40]} {[%emt 00:02:00]} Qe7+
{[%clk 00:25:12]} {[%emt 00:00:55]} 74. Ka8 {[%clk 00:35:01]} {[%emt 00:00:10]}
Qd8+ {[%clk 00:25:01]} {[%emt 00:00:42]} 75. Ka7 {[%clk 00:35:20]} {[%emt
00:00:11]} Qd4 {[%clk 00:25:21]} {[%emt 00:00:09]} 76. Kb7 {[%clk 00:35:34]}
{[%emt 00:00:16]} Qd7+ {[%clk 00:25:25]} {[%emt 00:00:26]} 77. Ka8 {[%clk
00:35:19]} {[%emt 00:00:46]} Qc8+ {[%clk 00:25:39]} {[%emt 00:00:15]} 78. Ka7
{[%clk 00:35:39]} {[%emt 00:00:10]} Qc5 {[%clk 00:25:58]} {[%emt 00:00:11]} 79.
Kb7 {[%clk 00:36:01]} {[%emt 00:00:09]} Qe7+ {[%clk 00:26:17]} {[%emt
00:00:10]} 80. Ka8 {[%clk 00:36:15]} {[%emt 00:00:16]} Qe8+ {[%clk 00:26:31]}
{[%emt 00:00:16]} 81. Ka7 {[%clk 00:36:37]} {[%emt 00:00:08]} Qe3 {[%clk
00:26:44]} {[%emt 00:00:17]} 82. Kb7 {[%clk 00:36:58]} {[%emt 00:00:08]} Qe7+
{[%clk 00:27:07]} {[%emt 00:00:08]} 83. Ka8 {[%emt 00:00:44]} 1/2-1/2

[Event "DEM U10w 2024"]
[Site "Willingen GER"]
[Date "2024.05.24"]
[Round "10"]
[White "Tadic, Lena"]
[Black "Sriram, Yashasri"]
[Result "0-1"]
[Termination "normal"]
[Board "14"]
[WhiteElo "980"]
[BlackElo "1576"]
[WhiteClock "01:20:23"]
[BlackClock "01:15:38"]
[PlyCount "84"]
[WhiteFideId "34687300"]
[BlackFideId "34656243"]
[EventCountry "GER"]
[EventRounds "11"]
[EventType "swiss"]
[EventDate "2024.05.18"]

1. e4 {[%clk 01:15:59]} e6 {[%clk 01:15:00]} {[%emt 00:01:01]} 2. c4 {[%clk
01:16:16]} {[%emt 00:00:12]} d5 {[%clk 01:15:20]} {[%emt 00:00:09]} 3. cxd5
{[%clk 01:16:35]} {[%emt 00:00:12]} exd5 {[%clk 01:15:43]} {[%emt 00:00:08]} 4.
exd5 {[%clk 01:16:46]} {[%emt 00:00:19]} Qxd5 {[%clk 01:16:06]} {[%emt
00:00:06]} 5. Nc3 {[%clk 01:16:20]} {[%emt 00:00:56]} Qd8 {[%clk 01:16:14]}
{[%emt 00:00:21]} 6. Bc4 {[%clk 01:16:37]} {[%emt 00:00:14]} Nf6 {[%clk
01:16:26]} {[%emt 00:00:19]} 7. Qb3 {[%clk 01:16:32]} {[%emt 00:00:34]} Qe7+
{[%clk 01:15:52]} {[%emt 00:01:04]} 8. Nge2 {[%clk 01:16:38]} {[%emt 00:00:24]}
Be6 {[%clk 01:16:04]} {[%emt 00:00:13]} 9. Bxe6 {[%clk 01:16:38]} {[%emt
00:00:35]} Qxe6 {[%clk 01:16:19]} {[%emt 00:00:15]} 10. Qxb7 {[%clk 01:16:52]}
{[%emt 00:00:16]} Qc6 {[%clk 01:16:44]} {[%emt 00:00:05]} 11. Qxc6+ {[%clk
01:16:55]} {[%emt 00:00:28]} Nxc6 {[%clk 01:17:06]} {[%emt 00:00:07]} 12. O-O
{[%clk 01:16:59]} {[%emt 00:00:25]} Bc5 {[%clk 01:17:14]} {[%emt 00:00:23]} 13.
Re1 {[%clk 01:16:56]} {[%emt 00:00:34]} O-O {[%clk 01:17:34]} {[%emt 00:00:10]}
14. h3 {[%clk 01:16:06]} {[%emt 00:01:20]} Rfe8 {[%clk 01:17:45]} {[%emt
00:00:18]} 15. d3 {[%clk 01:15:59]} {[%emt 00:00:37]} Rad8 {[%clk 01:17:31]}
{[%emt 00:00:44]} 16. Rd1 {[%clk 01:15:49]} {[%emt 00:00:40]} Nb4 {[%clk
01:15:08]} {[%emt 00:02:53]} 17. d4 {[%clk 01:15:40]} {[%emt 00:00:39]} Nc2
{[%clk 01:15:19]} {[%emt 00:00:19]} 18. Rb1 {[%clk 01:14:22]} {[%emt 00:01:48]}
Nxd4 {[%clk 01:14:28]} {[%emt 00:01:20]} 19. Nxd4 {[%clk 01:14:37]} {[%emt
00:00:15]} Bxd4 {[%clk 01:14:50]} {[%emt 00:00:08]} 20. Bg5 {[%clk 01:14:48]}
{[%emt 00:00:19]} Bxc3 {[%clk 01:14:36]} {[%emt 00:00:44]} 21. bxc3 {[%clk
01:14:48]} {[%emt 00:00:31]} Rxd1+ {[%clk 01:14:35]} {[%emt 00:00:31]} 22. Rxd1
{[%clk 01:15:07]} {[%emt 00:00:11]} Ne4 {[%clk 01:13:48]} {[%emt 00:01:17]} 23.
Re1 {[%clk 01:15:21]} {[%emt 00:00:15]} h6 {[%clk 01:13:48]} {[%emt 00:00:31]}
24. Bxh6 {[%clk 01:15:02]} {[%emt 00:00:50]} gxh6 {[%clk 01:14:01]} {[%emt
00:00:16]} 25. f3 {[%clk 01:15:23]} {[%emt 00:00:09]} Nd6 {[%clk 01:14:20]}
{[%emt 00:00:11]} 26. Rxe8+ {[%clk 01:15:38]} {[%emt 00:00:15]} Nxe8 {[%clk
01:14:37]} {[%emt 00:00:14]} 27. Kf2 {[%clk 01:16:01]} {[%emt 00:00:06]} Kg7
{[%clk 01:14:51]} {[%emt 00:00:16]} 28. g4 {[%clk 01:16:19]} {[%emt 00:00:11]}
f5 {[%clk 01:14:01]} {[%emt 00:01:21]} 29. gxf5 {[%clk 01:16:34]} {[%emt
00:00:15]} Kf6 {[%clk 01:14:19]} {[%emt 00:00:11]} 30. Kg3 {[%clk 01:16:52]}
{[%emt 00:00:12]} Kxf5 {[%clk 01:14:29]} {[%emt 00:00:20]} 31. f4 {[%clk
01:17:07]} {[%emt 00:00:16]} Nf6 {[%clk 01:14:23]} {[%emt 00:00:37]} 32. Kf3
{[%clk 01:17:13]} {[%emt 00:00:23]} Nd5 {[%clk 01:13:57]} {[%emt 00:00:56]} 33.
c4 {[%clk 01:17:17]} {[%emt 00:00:26]} Nxf4 {[%clk 01:14:09]} {[%emt 00:00:17]}
34. Kg3 {[%clk 01:17:12]} {[%emt 00:00:34]} Nxh3 {[%clk 01:12:53]} {[%emt
00:01:48]} 35. Kxh3 {[%clk 01:17:35]} {[%emt 00:00:07]} Ke4 {[%clk 01:13:20]}
{[%emt 00:00:04]} 36. Kh4 {[%clk 01:17:58]} {[%emt 00:00:07]} Kd4 {[%clk
01:13:43]} {[%emt 00:00:06]} 37. Kh5 {[%clk 01:18:25]} {[%emt 00:00:03]} Kxc4
{[%clk 01:14:05]} {[%emt 00:00:08]} 38. Kxh6 {[%clk 01:18:50]} {[%emt
00:00:05]} Kd4 {[%clk 01:14:21]} {[%emt 00:00:13]} 39. Kg6 {[%clk 01:19:11]}
{[%emt 00:00:09]} c5 {[%clk 01:14:45]} {[%emt 00:00:07]} 40. Kf5 {[%clk
01:19:33]} {[%emt 00:00:08]} c4 {[%clk 01:15:07]} {[%emt 00:00:08]} 41. Kf4
{[%clk 01:19:57]} {[%emt 00:00:05]} c3 {[%clk 01:15:15]} {[%emt 00:00:23]} 42.
Kf3 {[%clk 01:20:23]} {[%emt 00:00:04]} c2 {[%clk 01:15:38]} {[%emt 00:00:08]}
0-1

[Event "DEM U10w 2024"]
[Site "Willingen GER"]
[Date "2024.05.24"]
[Round "10"]
[White "Böhm, Arwen Skadi"]
[Black "Sniegowski, Amalia"]
[Result "1/2-1/2"]
[Termination "normal"]
[Board "15"]
[WhiteElo "968"]
[BlackElo "998"]
[WhiteClock "01:06:37"]
[BlackClock "01:05:30"]
[PlyCount "80"]
[BlackFideId "34675620"]
[EventCountry "GER"]
[EventRounds "11"]
[EventType "swiss"]
[EventDate "2024.05.18"]

1. e4 {[%clk 01:15:57]} {[%emt 00:00:02]} c5 {[%clk 01:15:51]} {[%emt
00:00:09]} 2. Nf3 {[%clk 01:16:17]} {[%emt 00:00:10]} Nc6 {[%clk 01:16:15]}
{[%emt 00:00:06]} 3. d4 {[%clk 01:16:20]} {[%emt 00:00:26]} cxd4 {[%clk
01:16:28]} {[%emt 00:00:17]} 4. Nxd4 {[%clk 01:16:45]} {[%emt 00:00:05]} Nf6
{[%clk 01:16:40]} {[%emt 00:00:19]} 5. Nc3 {[%clk 01:17:04]} {[%emt 00:00:10]}
e5 {[%clk 01:17:00]} {[%emt 00:00:11]} 6. Nb3 {[%clk 01:17:23]} {[%emt
00:00:10]} Bb4 {[%clk 01:16:13]} {[%emt 00:01:18]} 7. f3 {[%clk 01:17:17]}
{[%emt 00:00:35]} O-O {[%clk 01:16:16]} {[%emt 00:00:28]} 8. Be3 {[%clk
01:17:25]} {[%emt 00:00:21]} d5 {[%clk 01:16:12]} {[%emt 00:00:34]} 9. exd5
{[%emt 00:02:57]} Nxd5 {[%emt 00:00:21]} 10. Bd2 {[%clk 01:13:33]} {[%emt
00:01:05]} Nd4 {[%clk 01:14:43]} {[%emt 00:01:59]} 11. Nxd5 {[%clk 01:10:51]}
{[%emt 00:03:12]} Bxd2+ {[%clk 01:14:08]} {[%emt 00:01:05]} 12. Nxd2 {[%clk
01:10:25]} {[%emt 00:00:56]} Qxd5 {[%clk 01:13:04]} {[%emt 00:01:35]} 13. Nb3
{[%clk 01:10:34]} {[%emt 00:00:20]} Rd8 {[%clk 01:12:32]} {[%emt 00:01:01]} 14.
Nxd4 {[%clk 01:09:14]} {[%emt 00:01:51]} exd4 {[%clk 01:11:45]} {[%emt
00:01:17]} 15. Qe2 {[%clk 01:08:41]} {[%emt 00:00:59]} Bf5 {[%clk 01:11:19]}
{[%emt 00:00:54]} 16. O-O-O {[%clk 01:07:58]} {[%emt 00:01:17]} Qc6 {[%clk
01:09:43]} {[%emt 00:02:05]} 17. Qc4 {[%clk 01:07:35]} {[%emt 00:00:54]} Qxc4
{[%clk 01:08:54]} {[%emt 00:01:21]} 18. Bxc4 {[%clk 01:07:53]} {[%emt
00:00:11]} Rac8 {[%clk 01:08:48]} {[%emt 00:00:35]} 19. Bd3 {[%clk 01:06:29]}
{[%emt 00:01:41]} Bxd3 {[%clk 01:08:44]} {[%emt 00:00:48]} 20. Rxd3 {[%clk
01:06:51]} {[%emt 00:00:08]} Rc7 {[%clk 01:08:40]} {[%emt 00:00:34]} 21. Re1
{[%clk 01:06:47]} {[%emt 00:00:35]} h6 {[%clk 01:08:04]} {[%emt 00:01:07]} 22.
c3 {[%clk 01:06:51]} {[%emt 00:00:26]} b5 {[%clk 01:07:17]} {[%emt 00:01:16]}
23. Re4 {[%clk 01:06:30]} {[%emt 00:00:51]} b4 {[%clk 01:06:45]} {[%emt
00:01:02]} 24. Rexd4 {[%clk 01:05:33]} {[%emt 00:01:24]} Rxd4 {[%clk 01:05:21]}
{[%emt 00:01:57]} 25. Rxd4 {[%clk 01:05:50]} {[%emt 00:00:13]} bxc3 {[%clk
01:05:42]} {[%emt 00:00:09]} 26. Rd8+ {[%clk 01:05:54]} {[%emt 00:00:25]} Kh7
{[%clk 01:05:59]} {[%emt 00:00:14]} 27. b4 {[%clk 01:05:38]} {[%emt 00:00:46]}
Rc6 {[%clk 01:05:09]} {[%emt 00:01:19]} 28. a4 {[%clk 01:05:06]} {[%emt
00:01:02]} Rb6 {[%clk 01:04:20]} {[%emt 00:01:15]} 29. b5 {[%clk 01:04:47]}
{[%emt 00:00:54]} a6 {[%clk 01:04:20]} {[%emt 00:00:29]} 30. bxa6 {[%clk
01:04:30]} {[%emt 00:00:47]} Rxa6 {[%clk 01:04:39]} {[%emt 00:00:12]} 31. Rc8
{[%clk 01:04:26]} {[%emt 00:00:33]} Rxa4 {[%clk 01:04:38]} {[%emt 00:00:32]}
32. Rxc3 {[%clk 01:04:45]} {[%emt 00:00:10]} Ra1+ {[%clk 01:04:10]} {[%emt
00:00:57]} 33. Kb2 {[%clk 01:05:06]} {[%emt 00:00:12]} Rg1 {[%clk 01:04:16]}
{[%emt 00:00:21]} 34. g4 {[%clk 01:05:22]} {[%emt 00:00:14]} Rg2+ {[%clk
01:04:26]} {[%emt 00:00:21]} 35. Rc2 {[%clk 01:05:26]} {[%emt 00:00:24]} Rxc2+
{[%clk 01:04:46]} {[%emt 00:00:13]} 36. Kxc2 {[%clk 01:05:48]} {[%emt
00:00:06]} g5 {[%clk 01:05:01]} {[%emt 00:00:16]} 37. Kd3 {[%clk 01:06:10]}
{[%emt 00:00:08]} Kg6 {[%clk 01:05:21]} {[%emt 00:00:10]} 38. Ke4 {[%clk
01:06:17]} {[%emt 00:00:25]} h5 {[%clk 01:05:40]} {[%emt 00:00:10]} 39. gxh5+
{[%clk 01:06:35]} {[%emt 00:00:11]} Kxh5 {[%clk 01:05:32]} {[%emt 00:00:40]}
40. f4 {[%clk 01:06:37]} {[%emt 00:00:25]} gxf4 {[%clk 01:05:30]} {[%emt
00:00:34]} 1/2-1/2

[Event "DEM U10w 2024"]
[Site "Willingen GER"]
[Date "2024.05.24"]
[Round "10"]
[White "Wolf, Aurelia"]
[Black "Naz Öksüz, Meryem"]
[Result "1-0"]
[Termination "normal"]
[Board "16"]
[WhiteElo "1498"]
[BlackElo "1154"]
[WhiteClock "00:20:51"]
[BlackClock "00:43:20"]
[PlyCount "71"]
[WhiteFideId "34671048"]
[BlackFideId "533025860"]
[EventCountry "GER"]
[EventRounds "11"]
[EventType "swiss"]
[EventDate "2024.05.18"]

1. e4 {[%clk 01:15:58]} {[%emt 00:00:01]} c5 {[%clk 01:15:46]} {[%emt
00:00:15]} 2. Nc3 {[%clk 01:16:14]} {[%emt 00:00:12]} Nc6 {[%clk 01:16:01]}
{[%emt 00:00:15]} 3. Bb5 {[%clk 01:16:33]} {[%emt 00:00:11]} d6 {[%clk
01:16:03]} {[%emt 00:00:28]} 4. Nf3 {[%clk 01:16:36]} {[%emt 00:00:28]} Bd7
{[%clk 01:15:46]} {[%emt 00:00:47]} 5. d4 {[%clk 01:15:51]} {[%emt 00:01:15]}
cxd4 {[%clk 01:15:52]} {[%emt 00:00:24]} 6. Nxd4 {[%clk 01:16:10]} {[%emt
00:00:10]} a6 {[%clk 01:16:06]} {[%emt 00:00:16]} 7. Bxc6 {[%clk 01:16:12]}
{[%emt 00:00:29]} bxc6 {[%clk 01:16:23]} {[%emt 00:00:14]} 8. O-O {[%clk
01:12:45]} {[%emt 00:03:56]} Nf6 {[%clk 01:15:14]} {[%emt 00:01:39]} 9. Re1
{[%clk 01:07:05]} {[%emt 00:06:10]} e5 {[%clk 01:12:18]} {[%emt 00:03:25]} 10.
Nf3 {[%clk 01:04:45]} {[%emt 00:02:50]} Be7 {[%clk 01:09:55]} {[%emt 00:02:54]}
11. Be3 {[%clk 00:58:05]} {[%emt 00:07:06]} O-O {[%clk 01:09:06]} {[%emt
00:01:22]} 12. Bg5 {[%clk 00:57:36]} {[%emt 00:00:59]} Qb6 {[%clk 01:06:25]}
{[%emt 00:02:34]} 13. Rb1 {[%clk 00:55:31]} {[%emt 00:03:13]} h6 {[%clk
01:05:27]} {[%emt 00:01:27]} 14. Bxf6 {[%clk 00:55:50]} {[%emt 00:00:12]} Bxf6
{[%clk 01:05:50]} {[%emt 00:00:07]} 15. Qxd6 {[%clk 00:56:01]} {[%emt
00:00:19]} Rfd8 {[%clk 01:05:26]} {[%emt 00:00:53]} 16. Qd3 {[%clk 00:52:31]}
{[%emt 00:03:41]} c5 {[%clk 01:04:03]} {[%emt 00:02:12]} 17. Qe3 {[%clk
00:51:45]} {[%emt 00:01:16]} Rac8 {[%clk 00:59:01]} {[%emt 00:05:33]} 18. b4
{[%clk 00:50:08]} {[%emt 00:02:08]} Qe6 {[%clk 00:53:11]} {[%emt 00:06:14]} 19.
bxc5 {[%clk 00:43:29]} {[%emt 00:07:13]} Qg4 {[%clk 00:52:59]} {[%emt
00:00:41]} 20. Red1 {[%clk 00:40:05]} {[%emt 00:03:56]} Qg6 {[%clk 00:52:11]}
{[%emt 00:01:17]} 21. Rb6 {[%clk 00:31:37]} {[%emt 00:08:59]} Bh3 {[%clk
00:48:13]} {[%emt 00:04:27]} 22. Rxd8+ {[%clk 00:31:55]} {[%emt 00:00:12]} Rxd8
{[%clk 00:48:34]} {[%emt 00:00:10]} 23. g3 {[%clk 00:30:08]} {[%emt 00:02:16]}
Bg5 {[%clk 00:45:49]} {[%emt 00:03:15]} 24. Nxg5 {[%clk 00:27:49]} {[%emt
00:04:00]} Qxg5 {[%clk 00:46:59]} {[%emt 00:00:09]} 25. Qxg5 {[%clk 00:27:56]}
{[%emt 00:00:23]} hxg5 {[%clk 00:47:22]} {[%emt 00:00:07]} 26. Rb4 {[%clk
00:27:33]} {[%emt 00:00:53]} Rc8 {[%clk 00:47:24]} {[%emt 00:00:29]} 27. Rc4
{[%clk 00:25:58]} {[%emt 00:02:05]} Be6 {[%clk 00:47:33]} {[%emt 00:00:20]} 28.
Nd5 {[%clk 00:25:57]} {[%emt 00:00:32]} Kf8 {[%clk 00:47:18]} {[%emt 00:00:44]}
29. c6 {[%clk 00:25:49]} {[%emt 00:00:39]} Bxd5 {[%clk 00:45:27]} {[%emt
00:02:20]} 30. exd5 {[%clk 00:26:10]} {[%emt 00:00:10]} Ke7 {[%clk 00:45:38]}
{[%emt 00:00:19]} 31. Rc5 {[%clk 00:24:29]} {[%emt 00:02:11]} Kd6 {[%clk
00:45:47]} {[%emt 00:00:21]} 32. Ra5 {[%clk 00:23:07]} {[%emt 00:01:51]} g4
{[%clk 00:45:12]} {[%emt 00:01:05]} 33. c4 {[%clk 00:22:50]} {[%emt 00:00:48]}
e4 {[%clk 00:45:00]} {[%emt 00:00:42]} 34. Rxa6 {[%clk 00:22:14]} {[%emt
00:01:06]} Ke5 {[%clk 00:44:21]} {[%emt 00:01:08]} 35. Rb6 {[%clk 00:21:07]}
{[%emt 00:01:37]} Kd4 {[%clk 00:43:20]} {[%emt 00:01:31]} 36. d6 {[%clk
00:20:51]} {[%emt 00:00:47]} 1-0